01563cam a22003857a 4500003000500000005001700005008004100022010001000063011001000073035001000083040000900093090001000102100004700112245018700159260004100346300003700387502012600424590003700550590004100587590004100628590004100669590004100710590004200751650002200793650003500815650003400850650003100884650004600915901000700961905001300968942001000981949004200991999001701033952012701050CHAP20220329142352.0001006d1999 mx a r 00110 spa d a82475 a83447 a93960 cCHAP aTesis00aRodríguez Apolinar, Miguel Angel.99828710aDinámica poblacional de áfidos e incidencia de enfermedades virosas en el cultivo de la calabacita (Cucurbita pepo L.) var. Gray Zucchinic/por Miguel Angel Rodríguez Apolinar. aCocula, Guerrero :bEl autor,c1999. a66 h. :bilus., gráfs., cuads. aTesis (Ing. Agr. Fitotecnista) -- Colegio Superior Agropecuario del Estado de Guerrero. Centro de Estudios Profesionales. aALEPHb10c20130110lUCH01h1438 aBATCH-UPDb10c20130110lUCH01h0551 aBATCH-UPDb10c20130110lUCH01h2323 aBATCH-UPDb10c20130410lUCH01h0232 aBATCH-UPDb10c20130913lUCH01h2005 aCONVERSIONb10c20130109lUCH01h134614aAfídidos.9103114aCalabazaxEnfermedades.91726914aCalabazaxRendimiento.91729414aCultivosxGuerrero.93028014aVirus del mosaico de la calabaza.9119952 aBK aEdna Luz cTESIS bBCcTESd939601eTS1h37155i93960sb c82475d82475 00102local4051708TESISaBCbBCcPA_TESISd2019-12-31fTESISl0oTesisp939601r2019-12-31 00:00:00w2019-12-31yTESIS